| 000 | 01143nam a22002535a 4500 | ||
|---|---|---|---|
| 003 | OSt | ||
| 005 | 20161219114258.0 | ||
| 008 | 161219s2014 ua frb 000 0 ara d | ||
| 015 | _a2014/13765 | ||
| 020 | _a9789770475744 | ||
| 040 |
_aEG-ScBUE _bara _cEG-ScBUE |
||
| 082 | 0 | 4 |
_a340.9 _bخ ل ي _222 |
| 100 | 1 | _aخليل، خالد عبد الفتاح محمد. | |
| 245 | 1 | 0 |
_aتعاظم دور الإرادة في القانون الدولي الخاص : _bدراسة مقارنة لدور الإرادة في مجال الأحوال الشخصية والمسئولية التقصيرية، والاختصاص القضائي الدولي / _cخالد عبد الفتاح محمد خليل. |
| 260 |
_a[القاهرة : _bد. ن.]، _c2014. |
||
| 300 |
_a224 ص. ؛ _c24 سم. |
||
| 504 | _aيشتمل على إرجاعات ببليوجرافية. | ||
| 650 | 7 |
_aالأحوال الشخصية (قانون دولي) _2BUEsh |
|
| 650 | 7 |
_aالمسئولية التقصيرية (قانون دولي) _2BUEsh |
|
| 650 | 7 |
_aالقانون الدولي الخاص. _2BUEsh |
|
| 651 | _2BUEsh | ||
| 653 |
_bLLAAWW _cDecember2016 |
||
| 942 | _2ddc | ||
| 999 |
_c23629 _d23601 |
||